[Event "Teplice op 17th"]
[Site "Teplice"]
[Date "2024.06.16"]
[Round "2"]
[White "Finek, Vaclav"]
[Black "Adamovics, Aleksejs"]
[Result "1/2-1/2"]
[WhiteElo "2450"]
[BlackElo "2193"]
[PlyCount "118"]
[EventDate "2024.06.15"]
[EventType "swiss"]
[EventRounds "9"]
[EventCountry "CZE"]
[SourceTitle "CBM 220 Extra"]
[Source "ChessBase"]
[SourceDate "2024.07.31"]
[SourceVersion "1"]
[SourceVersionDate "2024.07.31"]
[SourceQuality "1"]

1. d4 d5 2. c4 e6 3. Nf3 Nf6 4. g3 Be7 5. Bg2 0-0 6. 0-0 dxc4 7. Qc2 b5 8. a4 b4 9. Nfd2 Nd5 10. Nxc4 c5 11. dxc5 Ba6 12. Ne3 Nd7 13. Nxd5 exd5 14. c6 Rc8 15. Bf4 Nc5 16. Rd1 d4 17. h4 d3 18. exd3 Bxd3 19. Qd2 Ba6 20. Qc2 Bd3 21. Qc1 Re8 22. Bf1 Qd5 23. Qd2 Qh5 24. Bxd3 Nxd3 25. Qxd3 Red8 26. Qxd8+ Bxd8 27. Rxd8+ Rxd8 28. Nd2 Qd5 29. Rc1 Rc8 30. c7 h6 31. b3 g5 32. hxg5 hxg5 33. Be3 Qb7 34. Bxg5 Rxc7 35. Rxc7 Qxc7 36. Be3 Qc1+ 37. Kg2 Qd1 38. Kh2 a6 39. Kg2 f5 40. Bf4 Kf7 41. Be3 Ke6 42. Bf4 Kd5 43. Be3 Qh5 44. Kg1 Qh3 45. Nf3 Qg4 46. Nd2 Qe2 47. Kg2 Qd3 48. Kg1 Ke6 49. Kg2 Kf7 50. Bf4 Kg6 51. Be3 Kh5 52. Bf4 Qe2 53. Be3 Kg4 54. Bf4 Qd3 55. Kh2 Qd5 56. Be3 Qa8 57. Bf4 Qh8+ 58. Kg2 Qa8+ 59. Kh2 Qh8+ 1/2-1/2

[Event "Titled Tuesday intern op 04th Jun Early"]
[Site "Chess.com INT"]
[Date "2024.06.04"]
[Round "6"]
[White "Finek, Vaclav"]
[Black "Belov, Alexei"]
[Result "1-0"]
[WhiteElo "2450"]
[BlackElo "2421"]
[PlyCount "47"]
[EventDate "2024.06.04"]
[EventType "swiss (blitz)"]
[EventRounds "11"]
[EventCountry "USA"]
[SourceTitle "EXT 2025"]
[Source "ChessBase"]
[SourceDate "2024.10.14"]
[SourceVersion "1"]
[SourceVersionDate "2024.10.14"]
[SourceQuality "1"]

1. d4 d5 2. Nf3 e6 3. g3 Nf6 4. Bg2 Be7 5. 0-0 0-0 6. c4 dxc4 7. Qc2 a6 8. a4 Bd7 9. Qxc4 Bc6 10. Bg5 Bd5 11. Qc2 Be4 12. Qc1 Nc6 13. e3 h6 14. Bxf6 Bxf6 15. Nc3 Bh7 16. Nd2 Nb4 17. Bxb7 Nd3 18. Qd1 Ra7 19. Be4 Bxe4 20. Ndxe4 Nxb2 21. Qe2 Rb7 22. Rfb1 Qb8 23. Nc5 Rb6 24. Nd7 1-0

[Event "Titled Tuesday intern op 04th Jun Early"]
[Site "Chess.com INT"]
[Date "2024.06.04"]
[Round "9"]
[White "Finek, Vaclav"]
[Black "Ghimoyan, Narek"]
[Result "1-0"]
[WhiteElo "2450"]
[BlackElo "2191"]
[PlyCount "113"]
[EventDate "2024.06.04"]
[EventType "swiss (blitz)"]
[EventRounds "11"]
[EventCountry "USA"]
[SourceTitle "EXT 2025"]
[Source "ChessBase"]
[SourceDate "2024.10.14"]
[SourceVersion "1"]
[SourceVersionDate "2024.10.14"]
[SourceQuality "1"]

1. d4 Nf6 2. c4 e6 3. g3 Be7 4. Bg2 d5 5. Nf3 0-0 6. 0-0 b6 7. Qc2 Bb7 8. cxd5 Nxd5 9. a3 c5 10. dxc5 Bxc5 11. b4 Be7 12. Bb2 Nd7 13. Nbd2 Rc8 14. Qa4 a6 15. Qb3 Bf6 16. Nd4 b5 17. Ne4 Be7 18. Rfd1 N7b6 19. Nc5 Qc7 20. e4 Nf6 21. Nxb7 Qxb7 22. Nxe6 fxe6 23. Qxe6+ Kh8 24. e5 Qa7 25. exf6 Bxf6 26. Bxf6 gxf6 27. Qf5 Qe7 28. Re1 Qf7 29. Re6 Nc4 30. Rxa6 Ne5 31. Rb6 Rb8 32. Rxb8 Rxb8 33. Rd1 Re8 34. Bd5 Qg6 35. Qxg6 hxg6 36. f4 Ng4 37. Bc6 Re3 38. Bxb5 Rxa3 39. Be2 Ne3 40. Rb1 Ra2 41. Bf3 Nf5 42. b5 Nd4 43. Bd1 Ra8 44. b6 Rb8 45. Kf2 Kg7 46. Ke3 Ne6 47. Bf3 Nc5 48. b7 Kf7 49. Kd4 Ne6+ 50. Kc4 Ke7 51. Bd5 Nd8 52. Rb6 g5 53. f5 Kd7 54. Rxf6 Ke7 55. Rb6 Kd7 56. f6 Kc7 57. Kc5 1-0

[Event "Titled Tuesday intern op 04th Jun Early"]
[Site "Chess.com INT"]
[Date "2024.06.04"]
[Round "11"]
[White "Finek, Vaclav"]
[Black "Padmini, Rout"]
[Result "1-0"]
[WhiteElo "2450"]
[BlackElo "2348"]
[PlyCount "75"]
[EventDate "2024.06.04"]
[EventType "swiss (blitz)"]
[EventRounds "11"]
[EventCountry "USA"]
[SourceTitle "EXT 2025"]
[Source "ChessBase"]
[SourceDate "2024.10.14"]
[SourceVersion "1"]
[SourceVersionDate "2024.10.14"]
[SourceQuality "1"]

1. d4 Nf6 2. c4 g6 3. Nf3 Bg7 4. g3 0-0 5. Bg2 c6 6. 0-0 d5 7. cxd5 cxd5 8. Ne5 e6 9. Nc3 Nfd7 10. f4 Nc6 11. Be3 Nb6 12. Bf2 Bd7 13. e4 dxe4 14. Nxe4 Ne7 15. Nc5 Ned5 16. Nxb7 Qe7 17. Nc5 Bb5 18. Re1 Rfd8 19. a4 Be8 20. a5 Nc8 21. Qb3 Qd6 22. Nc4 Qf8 23. Rxe6 fxe6 24. Nxe6 Qe7 25. Nxd8 Qxd8 26. Ne3 Nce7 27. Nxd5 Bf7 28. Nxe7+ Qxe7 29. Bd5 Rc8 30. Re1 Qd7 31. Bxf7+ Qxf7 32. Qxf7+ Kxf7 33. b4 Rc4 34. Rb1 Bxd4 35. Bxd4 Rxd4 36. b5 Rd8 37. b6 Rb8 38. bxa7 1-0